Czech players in European Big Five (2000-) - Statistics

General Stats
  • This quiz has been taken 44 times
  • The average score is 28 of 126
Answer Stats
Ranking Player Positions Nationality Matches Goals (assists) Periods Clubs % Correct
1 Petr Čech GK 512 0 (2) 2002-2019
100%
16 Tomáš Souček MF 194 36 (8) 2019-2025
97%
5 Tomáš Rosický MF 319 39 (44) 2000-2007, 2009-2015
94%
13 Patrik Schick MF, FW 221 90 (11) 2016-2025
92%
22 Vladimír Coufal DF 147 0 (19) 2020-2025
92%
8 Pavel Nedvěd MF 245 47 (60) 2000-2005, 2007-2009
83%
23 Milan Baroš FW 146 35 (12) 2002-2008
75%
14 Jan Koller FW 202 73 (28) 2001-2008
69%
27 Vladimír Šmicer MF, FW 128 12 (23) 2000-2007
64%
6 Theodor Gebre Selassie DF, MF, FW 271 23 (13) 2012-2021
58%
11 Marek Jankulovski DF, MF 227 22 (25) 2000-2001, 2002-2011
56%
7 Pavel Kadeřábek DF, FW 256 14 (28) 2015-2025
56%
4 Tomáš Ujfaluši DF 320 4 (11) 2000-2011
56%
41 Alex Král MF 91 0 (1) 2021-2025
50%
53 Tomáš Vaclík GK 71 0 (0) 2018-2021
50%
47 Adam Hložek MF, FW 79 15 (10) 2022-2025
47%
12 Vladimír Darida MF 224 22 (30) 2013-2023
47%
19 Jiří Pavlenka GK 175 0 (0) 2017-2020, 2022-2024
44%
64 Karel Poborský MF 46 5 (9) 2000-2002
44%
2 Jaroslav Plašil MF 504 29 (50) 2001-2019
39%
26 Michal Kadlec DF 128 8 (8) 2008-2013
39%
92 Radek Černý GK 21 0 (1) 2004-2005, 2007-2008, 2011-2012
39%
90 Václav Černý MF, FW 22 4 (1) 2023-2024
39%
81 Václav Kadlec FW 30 6 (3) 2013-2016
39%
9 David Rozehnal DF 232 4 (3) 2005-2015
33%
113 Matej Kovar GK 6 0 (0) 2023-2025
33%
88 Michal Kovář DF 23 0 (0) 2002-2004
33%
30 Patrik Berger MF 118 13 (21) 2000-2008
33%
124 Tomáš Kalas DF 2 0 (0) 2013-2014
33%
35 Tomáš Koubek GK 105 0 (0) 2017-2019, 2022-2024
33%
18 Antonín Barák MF, FW 182 31 (14) 2017-2025
31%
15 Jaroslav Drobný GK 202 0 (0) 2006-2016, 2018-2019
31%
46 Ladislav Krejčí DF, MF, FW 81 2 (11) 2016-2020
31%
82 Ladislav Krejčí DF 28 2 (0) 2024-2025
31%
34 Matěj Vydra MF, FW 108 11 (10) 2010-2011, 2013-2014, 2016-2017, 2018-2022
31%
50 Tomáš Galásek MF 78 4 (3) 2006-2009
31%
126 Vitezslav Jaros GK 1 0 (0) 2024-2025
31%
56 Petr Jiráček MF 66 4 (2) 2011-2015
28%
65 Václav Drobný DF 42 0 (1) 2002-2004
28%
39 Zdeněk Grygera DF 92 3 (3) 2007-2012
28%
112 Antonín Kinský GK 6 0 (0) 2024-2025
25%
3 David Jarolím MF 321 17 (28) 2001-2013
25%
84 David Jurásek DF 27 0 (2) 2023-2025
25%
10 Jiří Štajner MF, FW 229 42 (22) 2002-2010
25%
52 Lukáš Jarolím MF 76 1 (3) 2002-2003, 2007-2010
25%
32 Tomáš Řepka DF 111 0 (1) 2000-2002, 2005-2006
25%
51 Libor Kozák FW 76 14 (2) 2008-2009, 2010-2013, 2015-2016
22%
62 Tomáš Čvančara FW 49 6 (1) 2023-2025
22%
114 Václav Pilař MF, FW 6 0 (0) 2013-2014
22%
17 Jakub Jankto MF, FW 187 18 (19) 2016-2021, 2023-2024
19%
24 Jan Polák MF 135 6 (5) 2005-2006, 2010-2014
19%
38 Jiří Jarošík DF, MF 94 10 (2) 2004-2005, 2009-2011
19%
31 Marek Heinz MF, FW 117 10 (5) 2000-2002, 2004-2007
19%
98 Marek Matějovský MF 14 1 (0) 2007-2008
19%
42 Martin Fenin FW 89 14 (10) 2007-2011
19%
48 Martin Jiránek DF 78 0 (1) 2000-2001, 2002-2003, 2010-2011
19%
70 Pavel Srníček GK 37 0 (0) 2000-2003, 2006-2007
19%
60 Radoslav Kováč DF, MF 53 3 (2) 2008-2011
19%
120 Robin Hranáč DF 4 0 (0) 2024-2025
19%
21 Vratislav Lokvenc FW 148 46 (16) 2000-2005
19%
43 Tomáš Pekhart FW 89 14 (6) 2011-2013, 2015-2016
17%
101 Tomáš Sivok DF, MF 13 1 (0) 2006-2008
17%
103 Milan Petržela MF 12 0 (0) 2012-2013
14%
80 Roman Bednář FW 30 6 (1) 2008-2009, 2010-2011
14%
25 Václav Svěrkoš FW 134 27 (6) 2003-2006, 2008-2011
14%
110 Daniel Pudil DF, FW 7 1 (0) 2011-2012
11%
117 David Limberský DF, MF 4 0 (0) 2003-2004
11%
73 David Zima DF 34 0 (0) 2021-2024
11%
111 František Rajtoral DF, MF 7 0 (0) 2013-2014
11%
77 Jan Laštůvka GK 32 0 (0) 2006-2008
11%
20 Jan Morávek MF, FW 168 9 (10) 2009-2013, 2015-2022
11%
86 Jaromír Blažek GK 25 0 (0) 2007-2008
11%
61 Jiří Němec MF 49 1 (1) 2000-2002
11%
102 Marek Suchý DF 12 0 (0) 2019-2021
11%
85 Radek Bejbl DF, MF 26 0 (0) 2000-2002
11%
93 Štěpán Vachoušek MF 21 0 (2) 2003-2004
11%
40 Zdeněk Pospěch DF 92 1 (10) 2011-2014
11%
45 Adam Hloušek DF, FW 81 4 (4) 2010-2011, 2013-2016
8%
59 Jan Šimůnek DF 58 0 (1) 2007-2009, 2011-2012
8%
69 Miroslav Baranek MF 37 3 (4) 2000-2002
8%
49 Petr Gabriel DF 78 2 (2) 2001-2002, 2004-2008
8%
71 René Bolf DF 37 5 (0) 2004-2006
8%
55 Roman Týce DF, MF 67 3 (2) 2000-2004
8%
72 Rudi Skácel MF 36 3 (1) 2003-2004, 2007-2008
8%
67 Aleš Matějů DF 40 0 (2) 2019-2020, 2021-2022
6%
105 Daniel Fila FW 10 2 (0) 2024-2025
6%
109 Jan Kliment MF, FW 8 1 (0) 2015-2016
6%
106 Jan Rajnoch DF, MF 10 0 (0) 2008-2009
6%
91 Jaromír Zmrhal MF 21 2 (0) 2019-2020
6%
122 Josef Hušbauer MF 2 0 (0) 2014-2015
6%
123 Marcel Gecov MF 2 0 (0) 2011-2012
6%
44 Mario Lička MF 88 3 (6) 2004-2005, 2010-2013
6%
119 Michael Rabušic FW 4 0 (0) 2013-2014
6%
33 Milan Fukal DF, MF 109 9 (3) 2000-2006
6%
89 Ondřej Čelůstka DF 22 0 (0) 2009-2010, 2013-2014
6%
76 Ondřej Petrák MF 33 0 (0) 2013-2014, 2018-2019
6%
37 Pavel Krmaš DF, MF 100 4 (1) 2009-2015
6%
83 Radoslav Látal MF 28 2 (2) 2000-2001
6%
74 Roman Hubník DF 34 2 (0) 2009-2010, 2011-2012
6%
96 Tomáš Mičola MF, FW 18 1 (2) 2010-2012
6%
79 Tomáš Zápotočný DF 32 0 (0) 2006-2008
6%
28 Ivo Ulich MF 120 9 (7) 2001-2005
3%
97 Jiří Bílek DF, MF 15 0 (0) 2010-2011
3%
78 Kamil Vacek MF 32 1 (0) 2005-2006, 2011-2013
3%
104 Karel Rada DF 11 0 (0) 2000-2001
3%
100 Lukáš Pokorný DF 13 0 (0) 2016-2017
3%
29 Marek Nikl DF 119 8 (1) 2001-2002, 2004-2007
3%
75 Michal Papadopulos FW 33 2 (0) 2005-2008
3%
63 Tomáš Votava DF 48 0 (0) 2000-2003
3%
54 David Kobylík MF 67 3 (6) 2002-2003, 2005-2008
0%
57 Filip Trojan MF 61 0 (7) 2002-2004, 2006-2007, 2009-2010
0%
58 Jan Šimák MF 59 8 (5) 2002-2003, 2008-2011
0%
87 Jiří Kaufman MF, FW 25 4 (2) 2002-2003, 2004-2005
0%
125 Lukáš Ambros MF 1 0 (0) 2022-2023
0%
121 Lukáš Vorlický MF, FW 3 0 (0) 2022-2023
0%
99 Martin Čížek MF 14 0 (4) 2000-2001
0%
95 Martin Latka DF 19 0 (0) 2005-2006, 2012-2013
0%
118 Martin Lejsal GK 4 0 (0) 2002-2004
0%
115 Pavel David MF, FW 5 0 (0) 2001-2003
0%
68 Pavel Drsek DF 39 1 (1) 2006-2008
0%
107 Pavel Fořt FW 10 0 (0) 2006-2007
0%
66 Petr Ruman FW 41 6 (6) 2005-2007
0%
36 Radim Kučera DF 102 7 (2) 2005-2009
0%
94 Robert Vágner FW 20 2 (3) 2002-2003
0%
108 Stefan Simić DF 9 0 (0) 2017-2018
0%
116 Tomáš Ostrák MF, FW 5 0 (1) 2021-2022
0%
No matching quizzes found
Score Distribution
Percent of People with Each Score
Percentile by Number Answered
Your Score History
You have not taken this quiz